SSLC 1st Gala night Invitation (Record no. 297750)
[ view plain ]
| 000 -LEADER | |
|---|---|
| fixed length control field | 00302nam a2200097Ia 4500 |
| 008 - FIXED-LENGTH DATA ELEMENTS--GENERAL INFORMATION | |
| fixed length control field | 160715s9999 xx 000 0 und d |
| 245 ## - TITLE STATEMENT | |
| Title | SSLC 1st Gala night Invitation |
| 260 ## - PUBLICATION, DISTRIBUTION, ETC. (IMPRINT) | |
| Name of publisher, distributor, etc | SSLC |
| Date of publication, distribution, etc | February 17, 2016 |
| 500 ## - GENERAL NOTE | |
| General note | 1st Foundation celebration - Gala Night - Invitation |
| 650 ## - SUBJECT ADDED ENTRY--TOPICAL TERM | |
| Topical term or geographic name as entry element | Archival materials. |
| Withdrawn status | Lost status | Damaged status | Home library | Current library | Shelving location | Date acquired | Total Checkouts | Date last seen | Price effective from | Koha item type |
|---|---|---|---|---|---|---|---|---|---|---|
| Archives | Archives | Archives Room | 07/15/2016 | 07/15/2016 | 07/15/2016 | Southvillana |